| 000 | 00905nam a22001937a 4500 | ||
|---|---|---|---|
| 999 |
_c59527 _d59527 |
||
| 003 | Ge_BSU | ||
| 005 | 20230523174334.0 | ||
| 008 | 230309s2007 ge ||||| |||| 00| 0 geo d | ||
| 041 | _ageo | ||
| 080 | _a070+324+654.197 ლ-21 | ||
| 100 |
_aლანგი, იაშა. _917147 |
||
| 245 |
_aმედია და არჩევნები : _bსახელმძღვანელო / _cიაშა ლანგი ; [ევროპის საბჭოს საინფორმ. ბიურო საქართველოში]. |
||
| 264 |
_aთბილისი : _bევროპის საბჭო, _c[2007]. |
||
| 300 |
_a84 გვ. ; _b20 სმ. |
||
| 504 | _aბიბლიოგრ.: გვ. 84. | ||
| 653 | _aმასმედია. | ||
| 653 | _aდემოკრატიული საარჩევნო კამპანიები. | ||
| 942 |
_2udc _cBK |
||